Zpracování akustických signálů

Uložené v:
Podrobná bibliografia
Hlavný autor: Kadlec, František (Autor)
Médium: Kniha
Jazyk:Czech
Vydavateľské údaje: Praha : České vysoké učení technické v Praze, 2002
Predmet:
Tagy: Pridať tag
Žiadne tagy, Buďte prvý, kto otaguje tento záznam!

MARC

LEADER 00000nam a22000003a 4500
001 stu80226
005 20150617225640.8
008 030407s2002----xr------------------cze-d
020 |a 80-01-02588-8 
040 |a STU  |b slo 
041 0 |a cze 
044 |a xr 
080 |a 534.86(075.8) 
080 |a 621.391.8 
084 |a B6140  |2 INS 
084 |a C1260  |2 INS  |7 stu_us_auth*stu7143 
100 1 |a Kadlec, František  |4 aut 
245 1 |a Zpracování akustických signálů 
260 |a Praha :  |b České vysoké učení technické v Praze,  |c 2002 
300 |a 189 s 
650 7 |a akustické signály  |2 stusub 
650 7 |a analýza signálov  |2 stusub 
650 7 |a rušenie signálov  |2 stusub 
650 7 |a elektroakustika  |2 stusub 
996 |b 284EK84846  |c E*84846  |l EE01  |s A  |a 24  |w stu80226_0001 
996 |b 284EO00057  |c E*O-57  |l EE08  |s P  |a 0  |w stu80226_0002